000 00308nam a22001217a 4500
008 170529b xxu||||| |||| 00| 0 eng d
041 _aeng
080 _a62
100 _a27
101 _aIM
245 _aSPEED SCIENTES SCHOOL THE SCHOOLL OF ENGINEERING APPLED SCIENCE
_cELTON.D
942 _2udc
_cBK
999 _c14700
_d14700